[Event "74th RUS-ch Superfinal 2021"]
[Site "Ufa"]
[Date "2021.10.09"]
[Round "1.1"]
[White "Andreikin, Dmitry"]
[Black "Matlakov, Maxim"]
[Result "1/2-1/2"]
[WhiteElo "2728"]
[BlackElo "2682"]
[Annotator "TA"]
[PlyCount "96"]
[EventDate "2021.10.09"]
[EventType "tourn"]
[EventCountry "RUS"]
[SourceTitle "playchess.com"]
[Source "ChessBase"]
[SourceQuality "1"]

{[%evp 16,96,-8,-12,9,11,5,5,5,5,5,9,5,5,5,5,6,6,6,6,6,3,14,4,4,4,9,9,9,9,9,9,11,11,18,20,20,20,20,5,5,0,0,0,0,0,0,0,0,0,0,0,0,0,0,0,0,0,0,0,0,0,0,0,0,0,0,0,0,0,0,0,0,0,0,0,0,0,0,0,0,0,0]} 1. e4 e5 2. Nc3 Nf6 3. Nf3 Nc6 4. d4 exd4 5. Nxd4 Bb4 6. Nxc6 bxc6 7. Bd3 d5 8. Bd2 O-O 9. O-O {The position is equal.} Bxc3 {C47: Scotch Four Knights and Four Knights with 4 g3.} 10. Bxc3 dxe4 11. Bxf6 Qxf6 12. Bxe4 Qxb2 13. Bxc6 Rb8 14. Rb1 Qxb1 15. Qxb1 Rxb1 16. Rxb1 $11 {[%mdl 4096] Endgame KRB-KRB} Rd8 17. Bf3 Kf8 18. Rb8 Re8 {[%cal Re8e1] [#]} 19. h4 {[#]} (19. g4 {seems wilder.} Ba6 20. Rb3 Be2 21. Kg2 Bxf3+ 22. Kxf3 Re6 23. Ra3) 19... Bf5 $146 ({Predecessor:} 19... Ba6 20. Rb3 Be2 21. Bxe2 Rxe2 22. Rc3 Re7 23. f3 Ke8 24. Kf2 Kd7 25. Ra3 Re5 26. Rxa7 {½-½ (52) So,W (2765)-Carlsen,M (2872) Wijk aan Zee 2020}) 20. Rb7 Bxc2 21. Rxc7 Be4 22. Rxa7 Bxf3 23. gxf3 {KR-KR} Rc8 24. Kg2 Rc4 25. Kg3 g6 26. Ra5 Kg7 27. f4 Kf6 28. a4 {[%cal Ba2a4,Ba4a5,Ba5a6][%mdl 32]} h5 29. Ra7 Ke6 30. Ra6+ Kf5 31. Ra5+ Kf6 32. Ra7 Ke6 33. a5 Ra4 34. a6 f6 35. Ra8 Kf5 36. a7 Ra3+ 37. Kg2 Kxf4 38. Rf8 Rxa7 39. Rxf6+ {[%mdl 64] [#] Double Attack} Kg4 40. Rxg6+ Kxh4 41. f4 Ra2+ 42. Kf3 Ra3+ 43. Ke4 Ra4+ 44. Ke5 Ra5+ 45. Kf6 Ra6+ 46. Kg7 Rxg6+ 47. Kxg6 {White threatens f5 and mate.} Kg3 (47... Kg4 $5) 48. Kxh5 {White wants to mate with f5.} Kxf4 {A rather calm draw.  Weighted Error Value: White=0.01/Black=0.01} 1/2-1/2

[Event "74th RUS-ch Superfinal 2021"]
[Site "Ufa"]
[Date "2021.10.09"]
[Round "1.2"]
[White "Ponkratov, Pavel"]
[Black "Goryachkina, Aleksandra"]
[Result "1/2-1/2"]
[WhiteElo "2659"]
[BlackElo "2602"]
[Annotator "TA"]
[PlyCount "140"]
[EventDate "2021.10.09"]
[EventType "tourn"]
[EventCountry "RUS"]
[SourceTitle "playchess.com"]
[Source "ChessBase"]
[SourceQuality "1"]

{[%evp 11,140,-16,-17,-36,0,0,0,-7,0,-1,0,-8,-3,-5,-6,-24,-17,-11,4,14,9,-7,0,0,0,-18,0,-12,0,0,0,0,0,-22,0,-85,-91,-89,0,0,0,-46,-44,-44,-52,-111,-109,-112,-107,-182,-176,-166,-106,-104,-109,-101,-93,-126,-116,-113,-114,-127,-129,-127,-72,-75,-68,-81,-68,-63,-51,-51,-51,-59,-56,-56,-48,-72,-70,-119,-122,-114,-41,-38,0,-28,-28,-28,-17,-95,-90,-204,-204,-170,-62,-70,-26,-30,-30,-35,-35,-34,-44,-122,-25,-31,-27,-49,-18,-25,-27,-25,-8,-29,-39,-59,-8,-25,-8,-8,-8,-8,-8,-8,-8,-8,-8,-8,0,0,0]} 1. e4 e5 2. Nf3 Nc6 3. d4 exd4 4. Bc4 Bc5 5. O-O d6 6. c3 Bg4 7. Qb3 {C44: Ponziani Opening and Scotch Gambit.} Qd7 (7... Bxf3 $5 8. Bxf7+ (8. gxf3 Ne5 $15) 8... Kf8 9. gxf3 Nf6 $11) 8. Nxd4 (8. Qxb7 Rb8 $17) 8... Na5 9. Qb5 Nxc4 10. Qxc4 Ne7 {[#]} 11. h3 $146 ({Predecessor:} 11. Bg5 Nc6 12. Nd2 Ne5 13. Qb3 Bb6 14. Qc2 f6 15. Be3 O-O-O 16. a4 a6 17. b4 {1-0 (33) Prochazka,P (1781)-Siroky,R (1634) Nachod 2012}) 11... Be6 12. Qd3 O-O 13. Be3 Bxd4 14. cxd4 f5 15. d5 Bf7 {next ...fxe4 is good for Black.} 16. Nc3 fxe4 17. Qxe4 Rae8 18. Qd4 a6 19. Rfe1 Qf5 {[%cal Re7d5]} 20. Rad1 $1 h6 21. Kh2 Ng6 22. Qb4 Qc8 23. Bd4 (23. Qd4 $11) 23... Rxe1 $17 24. Rxe1 Re8 (24... Qf5 $17) 25. Rxe8+ $11 Bxe8 26. Ne2 Ne7 $1 27. Qb3 Bf7 28. Nf4 (28. Qg3 $15 Qf8 29. Nf4) 28... Qf5 $17 29. Qg3 {[%csl Gd4][%cal Rg3g7]} g5 30. Be3 (30. Ne2 $17) 30... Qe5 $1 $19 ({Not} 30... Nxd5 31. Nxd5 Bxd5 32. f4 $11) ({Much less strong is} 30... Bxd5 31. h4 $17) 31. Ne2 Qxg3+ ({But not} 31... Bxd5 32. Qxe5 dxe5 33. Nc3 $17) (31... Qxb2 $19 32. Qg4 Qe5+ 33. Ng3 Nxd5 34. Qc8+ Kh7) 32. Nxg3 $17 Nxd5 $19 {[%mdl 4096] Endgame KBN-KBN} 33. Bd2 Kh7 34. Ne2 Kg6 35. g4 Nf6 36. a3 c5 37. f4 Ne4 ({Black should play} 37... Bb3 38. fxg5 hxg5) 38. Be3 $17 b6 {...d5 is the strong threat.} 39. Nc3 Nf6 $1 40. f5+ Kg7 {Strongly threatening ...d5.} 41. b4 $1 Be8 42. Kg3 Bc6 43. h4 Nh7 44. hxg5 hxg5 45. bxc5 bxc5 46. Nd1 Kh6 (46... Kf6 $17 47. Kf2 Ke5) 47. Nf2 $15 Kg7 48. Nh3 Kf6 49. Kf2 $1 Be4 50. Ke2 (50. a4 $11 {keeps the balance.}) 50... Bg2 $17 51. Ng1 {[#]} (51. Nf2 $17) 51... Ke5 $1 $19 52. Kf2 Bc6 (52... Bh1 $19 53. Kg3 Bc6) 53. Bc1 $15 Be4 {And now ...d5 would win.} 54. Nh3 Bxf5 55. Bb2+ Ke6 56. gxf5+ Kxf5 57. a4 {[#]} (57. Bg7 $15) 57... Nf8 (57... d5 $1 $17 58. Bg7 g4) 58. Ng1 $1 $11 d5 59. Ne2 d4 60. Bxd4 cxd4 61. Nxd4+ {KN-KN} Kf4 62. Nc6 Ne6 63. Nb4 g4 (63... Nc5 $15) 64. a5 g3+ 65. Kg2 {The position is equal.} Kg4 {( -> ...Nf4+)} 66. Nd5 $1 Kh4 {Hoping for ...Ng7.} 67. Ne3 Nd4 68. Nf1 $1 Nc6 69. Nxg3 Nxa5 70. Ne4 Nc6 {Weighted Error Value: White=0.15/Black=0.15} 1/2-1/2

[Event "74th RUS-ch Superfinal 2021"]
[Site "Ufa"]
[Date "2021.10.09"]
[Round "1.3"]
[White "Motylev, Alexander"]
[Black "Fedoseev, Vladimir"]
[Result "0-1"]
[WhiteElo "2624"]
[BlackElo "2704"]
[Annotator "TA"]
[PlyCount "82"]
[EventDate "2021.10.09"]
[EventType "tourn"]
[EventCountry "RUS"]
[SourceTitle "playchess.com"]
[Source "ChessBase"]
[SourceQuality "1"]

{[%evp 15,82,0,4,-5,0,-13,-7,-11,-4,-2,-4,-25,25,23,81,21,29,14,21,-7,5,-10,-42,-328,-331,-327,-321,-329,-322,-302,-319,-316,-318,-323,-310,-286,-268,-475,-304,-302,-304,-304,-333,-304,-304,-328,-325,-331,-318,-373,-366,-364,-375,-423,-304,-323,-278,-729,-693,-29980,-29981,-29981,-29982,-29979,-29980,-29991,-29992,-29992,-29993]} 1. e4 e6 2. d4 d5 3. e5 c5 4. c3 Qb6 5. Nf3 Nc6 6. a3 c4 7. Nbd2 Na5 8. Rb1 Bd7 9. h4 {[#] C02: French: Advance Variation.} Nh6 $5 $146 {[%mdl 8] New and interesting.} ({Predecessor:} 9... h6 10. b4 cxb3 11. Nxb3 Nxb3 12. Qxb3 Qxb3 13. Rxb3 b6 14. Bb5 Ne7 15. a4 Nc6 16. h5 Na5 {1-0 (58) Giri,A (2777)-Vitiugov,N (2727) Yasnaya Polyana 2021}) 10. Rh3 Be7 11. b3 {The position is equal.} cxb3 12. Nxb3 Ba4 {[%cal Ra4b3]} 13. Nfd2 O-O 14. Bd3 f6 {[#]} (14... f5 $11 {keeps the balance.}) 15. Qh5 $1 Be8 $11 (15... Bxb3 $2 16. Nxb3 Nf5 17. Nc5 $18 (17. Nxa5 Qxa5 18. Bxf5 exf5 $18)) 16. Qe2 fxe5 $1 17. dxe5 Nxb3 18. Nxb3 {[#] Bxh6 is the strong threat.} Bh5 $1 $36 {[%cal Rh5e2][%mdl 2112] Deflection. Black has some pressure.} 19. Qxh5 {[%mdl 8192] Now White is beyond hope.} (19. f3 $15 Qg1+ 20. Qf1 Qxf1+ 21. Bxf1) 19... Qxf2+ $19 {[%mdl 64] Double Attack} 20. Kd1 Qg1+ (20... Qxg2 21. Re3 $11) 21. Kc2 Qxg2+ {[%mdl 64] Double Attack} 22. Bd2 {Strongly threatening Rhh1.} Qxh3 23. Bxh6 gxh6 ({Worse is} 23... Rf3 24. Be3 $11) 24. Qxh6 {[%csl Gd3][%cal Rh6h7]} Rf7 (24... Qxh4 25. Rg1+ Kf7 26. Bg6+ $1 {[%mdl 512]} Kg8 27. Bxh7+ Kh8 28. Qg7#) 25. Nd4 Kh8 ({Stronger than} 25... Bxa3 {[#]} 26. Bxh7+ $1 {[%mdl 512]} Rxh7 27. Rg1+ Kf7 28. Qxh7+ Ke8 29. Rg8+ Bf8 30. Qg6+ Ke7 31. Qf6+ Kd7 32. Qf7+ Be7 33. Rxa8) (25... Bxh4 26. Rf1 $11) 26. Rxb7 $2 {[#]} (26. Rf1 Rg7 27. Rd1) 26... Bf8 $1 {[%mdl 512]} 27. Rxf7 {[%csl Gd3,Gf7][%cal Rh6h7]} Bxh6 28. Rxh7+ Kg8 29. Rxh6 Qh2+ {[%mdl 64] Double Attack} 30. Kd1 {intending Rg6+.} Qxe5 {White must now prevent ...Qe3.} 31. Rxe6 Qh2 32. Re2 Qxh4 33. Kc2 Rc8 34. Bf5 Rc5 {And now ...Qxd4 would win.} 35. Rg2+ Kf7 {aiming for ...Qxd4.} 36. Kd2 $2 (36. Kb2) 36... Qf4+ 37. Ke2 Rxc3 {Black mates.} 38. Be6+ Ke7 39. Rg7+ Kd6 40. Rd7+ Ke5 41. Rxd5+ Ke4 {Weighted Error Value: White=0.69/Black=0.18} 0-1

[Event "74th RUS-ch Superfinal 2021"]
[Site "Ufa"]
[Date "2021.10.09"]
[Round "1.4"]
[White "Alekseenko, Kirill"]
[Black "Predke, Alexandr"]
[Result "1-0"]
[WhiteElo "2710"]
[BlackElo "2666"]
[Annotator "TA"]
[PlyCount "107"]
[EventDate "2021.10.09"]
[EventType "tourn"]
[EventCountry "RUS"]
[SourceTitle "playchess.com"]
[Source "ChessBase"]
[SourceQuality "1"]

{[%evp 15,107,33,25,27,34,21,22,11,13,25,21,20,20,23,17,13,22,8,31,19,34,-9,44,36,79,37,33,34,39,33,45,41,66,53,74,57,116,112,116,120,112,126,127,122,131,131,131,129,175,106,131,130,131,135,151,119,145,138,129,120,206,155,435,418,349,320,319,320,319,309,352,341,464,494,491,483,434,291,356,356,340,348,305,270,386,408,398,393,386,385,7814,7149,29991,29992]} 1. e4 e5 2. Nf3 Nc6 3. Bb5 a6 4. Ba4 Nf6 5. O-O Be7 6. d3 d6 7. c3 O-O 8. Re1 Re8 9. Nbd2 {C84: Closed Ruy Lopez: Unusual White 6th moves.} Bf8 10. Nf1 h6 11. d4 $5 {[%mdl 4] The position is equal. Exploring less charted territory.} exd4 12. Nxd4 {[#]} b5 $146 {Threatens to win with ...Nxd4.} ({Predecessor:} 12... Bd7 13. Nxc6 Bxc6 14. Bxc6 bxc6 15. Ng3 g6 16. Bd2 Bg7 17. Qa4 c5 18. Rad1 Qb8 {½-½ (43) Soumya,S (2359)-Mohota,N (2260) Chengdu 2017}) 13. Nxc6 Qd7 14. Bc2 Qxc6 15. Ng3 g6 16. Bf4 Bg7 17. Qd2 h5 18. f3 Be6 (18... h4 $11 19. Ne2 h3) 19. Ne2 $14 Bc4 20. Rad1 (20. Nd4 $5 {[%cal Rd4c6]} Qb7 21. h3 $14) 20... Bxe2 21. Rxe2 Nd7 22. Be3 Nb6 23. Bd4 Nc4 24. Qc1 Re6 25. f4 Rae8 (25... f5 $1 $14) 26. b3 $16 Nb6 27. f5 gxf5 28. Qg5 {[%csl Gd4][%cal Rg5g7][%mdl 64] [#] Double Attack} Rg6 29. Qxf5 Nd7 30. Rf1 Ne5 31. Ref2 Ree6 32. b4 (32. Bxe5 $18 dxe5 33. Qxf7+ Kh7 34. Bd1) 32... Qe8 33. Bb3 {Strongly threatening Bxe5.} Ref6 34. Qxh5 Rh6 35. Qe2 Qe7 36. Rf5 Rxf5 37. Rxf5 {Black must now prevent Bxe5.} Kh8 (37... Rf6 $16) 38. g3 c5 $2 {This move loses the game for Black.} (38... Rf6 $16 39. Rh5+ Rh6 40. Rxh6+ Bxh6) 39. bxc5 $18 dxc5 40. Be3 Rh7 41. Bd5 Bh6 42. Bf2 Bg7 43. a4 c4 44. axb5 axb5 45. Qa2 Qd8 {If only Black now had time for ...Ng4....} 46. Bd4 Ng4 47. Qa7 Bxd4+ 48. Qxd4+ ({Less strong is} 48. cxd4 Ne3 $16) 48... f6 49. Qc5 Qb8 (49... Rd7 $142 50. h3 Ne5 51. Qxb5 Ra7 52. Bxc4 Ra1+ 53. Kg2 Rc1) 50. Rf4 Ne5 {intending ...Nd3.} 51. Rxf6 {White wants to mate with Rf8+.} Nd7 52. Qd6 Qa7+ (52... Qxd6 53. Rxd6 Nc5 54. Rd8+ Kg7) 53. Kg2 {White threatens Rf8+! and mate.} Qa2+ {[#]} 54. Kf3 $1 {Weighted Error Value: White=0.13/Black=0.38} ({Weaker is} 54. Rf2 Rxh2+ 55. Kxh2 Qxf2+ 56. Kh3 Nf6 $11) 1-0

[Event "74th RUS-ch Superfinal 2021"]
[Site "Ufa"]
[Date "2021.10.09"]
[Round "1.5"]
[White "Vitiugov, Nikita"]
[Black "Chigaev, Maksim"]
[Result "1/2-1/2"]
[WhiteElo "2727"]
[BlackElo "2639"]
[Annotator "TA"]
[PlyCount "81"]
[EventDate "2021.10.09"]
[EventType "tourn"]
[EventCountry "RUS"]
[SourceTitle "playchess.com"]
[Source "ChessBase"]
[SourceQuality "1"]

{[%evp 16,81,7,18,20,25,39,-17,-17,-21,-7,-10,-9,-63,-39,-49,-22,-71,-33,-55,0,0,0,0,0,0,0,0,0,0,35,0,0,1,3,0,0,0,0,0,7,7,8,0,0,0,0,0,0,0,0,0,0,0,0,0,0,0,0,0,0,0,0,0,0,0,0,0]} 1. c4 Nf6 2. Nc3 g6 3. e4 e5 4. g3 d6 5. Bg2 Bg7 6. Nge2 c5 7. d3 Nc6 8. h3 O-O 9. O-O Ne8 {A36: Symmetrical English vs ...g6: 4 Bg2 Bg7.} 10. f4 exf4 {[#]} 11. gxf4 $146 (11. Bxf4 $14 Nc7 12. Qd2) ({Predecessor:} 11. Bxf4 Nc7 12. Qd2 Ne6 13. Be3 Ned4 14. Nd5 Nxe2+ 15. Qxe2 Be6 16. Nf4 Qd7 17. Kh2 {0-1 (59) Hellen,B (2014)-Topi Hulmi,T (2217) Finland 2017}) 11... f5 12. Be3 Nc7 13. Qd2 Nd4 14. Ng3 (14. Bf2 $11) 14... Rb8 15. Rab1 b5 (15... Qh4 {seems wilder.} 16. Kh2 b6 17. Nge2 Nxe2 18. Qxe2 Be6) 16. b4 bxc4 17. dxc4 Rxb4 (17... fxe4 $15 18. Ncxe4 Nce6) 18. Rxb4 $11 cxb4 19. Bxd4 Bxd4+ 20. Qxd4 {[#] Black must now prevent Nd5.} bxc3 21. Qxc3 fxe4 22. Nxe4 Ne6 23. Qd2 (23. f5 $5 gxf5 24. Qg3+ {[%mdl 64] Double Attack} Ng7 25. Nxd6 $14) 23... Qb6+ {The position is equal.} 24. Kh2 Bb7 25. f5 Bxe4 ({Avoid the trap} 25... gxf5 $2 {[#]} 26. Qh6 $1 $18) ({Much weaker is} 25... Rxf5 26. Rxf5 gxf5 27. Nxd6 $16) 26. Bxe4 {Threatens to win with Bd5.} Qd4 27. Qxd4 Nxd4 {[%mdl 4096] Endgame KRB-KRN} 28. f6 Nf5 29. Bxf5 gxf5 30. Rxf5 {KR-KR} Rc8 31. Ra5 Kf7 32. Rxa7+ Kxf6 33. Rxh7 Rxc4 34. Kg3 Ra4 35. Kf3 Rxa2 36. Ke4 Ra5 37. Rh6+ Kg7 38. Rxd6 Rb5 39. Rd5 Rxd5 40. Kxd5 Kf6 41. Ke4 {Weighted Error Value: White=0.11/Black=0.07} 1/2-1/2

[Event "74th RUS-ch Superfinal 2021"]
[Site "Ufa"]
[Date "2021.10.09"]
[Round "1.6"]
[White "Esipenko, Andrey"]
[Black "Rakhmanov, Aleksandr"]
[Result "1/2-1/2"]
[WhiteElo "2720"]
[BlackElo "2657"]
[Annotator "TA"]
[PlyCount "80"]
[EventDate "2021.10.09"]
[EventType "tourn"]
[EventCountry "RUS"]
[SourceTitle "playchess.com"]
[Source "ChessBase"]
[SourceQuality "1"]

{[%evp 9,80,14,31,22,19,21,33,29,33,26,39,13,4,11,15,7,28,0,0,0,15,16,25,-8,-7,-9,20,0,1,3,3,0,0,0,0,0,0,0,0,0,0,0,0,3,0,0,0,0,0,0,0,0,0,0,0,0,0,0,0,0,0,0,0,0,0,0,0,0,0,0,0,0,0]} 1. d4 d5 2. c4 e6 3. Nf3 a6 4. cxd5 exd5 5. Nc3 c6 6. Qc2 {D31: Queen's Gambit Declined: Semi-Slav without ...Nf6 (+ Marshall Gambit and Noteboom) and Exchange Variation lines without ...Nf6.} Nf6 7. Bg5 Be6 $1 {[%mdl 4] outshines the older 7...Be7.} 8. e3 {White is slightly better.} h6 9. Bf4 c5 {[#]} 10. dxc5 $146 ({Predecessor:} 10. Be2 Nc6 11. Rd1 Bd6 12. Bxd6 Qxd6 13. dxc5 Qxc5 14. O-O Ne4 15. Rc1 Nxc3 16. Qxc3 Qxc3 17. Rxc3 Ke7 18. Rfc1 Rhc8 19. Kf1 Kd6 {½-½ (19) Fernandez Medina,E (2282)-Au Cardero,R (2286) ICCF email 2017}) 10... Bxc5 11. Be2 Nc6 12. O-O Rc8 13. Rad1 Qe7 14. Ne5 O-O 15. Nxc6 Rxc6 16. Bf3 Bb4 {The position is equal.} 17. Be5 Rfc8 (17... Ne4 $5) 18. a3 Bxc3 19. Bxc3 Rc4 20. Qd3 Ne4 21. Bxe4 dxe4 22. Qd6 Qxd6 23. Rxd6 R4c6 24. Rfd1 (24. Rd4 {with more complications.} Rc4 25. Rxc4 Bxc4 26. Rd1 Bd3 27. f3) 24... f6 25. Rxc6 (25. h4 {is more complex.} Kf7 26. Kh2 g5 27. Kg3 gxh4+ 28. Kxh4 Rg8 29. Rxc6 bxc6 30. g3) 25... Rxc6 $11 {[%mdl 4096] Endgame KRB-KRB} 26. Rd4 Rc4 27. Rxc4 (27. Rd8+ {seems wilder.} Kf7 28. Rb8 Rc7 29. h3 g5 30. Kh2) 27... Bxc4 {KB-KB} 28. f3 exf3 29. gxf3 Kf7 30. Kf2 f5 31. Kg3 g5 32. h4 f4+ 33. exf4 gxh4+ 34. Kxh4 Kg6 35. f5+ Kxf5 36. Kh5 Kf4 37. Kxh6 Kxf3 38. Kg5 Bd5 39. Kf6 Ke3 40. Ke5 Bg2 {Weighted Error Value: White=0.04/Black=0.03} 1/2-1/2

[Event "74th RUS-ch Superfinal 2021"]
[Site "Ufa"]
[Date "2021.10.10"]
[Round "2.1"]
[White "Matlakov, Maxim"]
[Black "Rakhmanov, Aleksandr"]
[Result "1/2-1/2"]
[WhiteElo "2682"]
[BlackElo "2657"]
[Annotator "TA"]
[PlyCount "79"]
[EventDate "2021.10.09"]
[EventType "tourn"]
[EventCountry "RUS"]
[SourceTitle "playchess.com"]
[Source "ChessBase"]
[SourceQuality "1"]

{[%evp 16,79,0,0,0,0,18,8,17,17,11,13,13,0,0,0,18,13,16,16,16,15,25,14,14,9,12,16,18,32,20,10,10,10,10,8,8,8,8,8,8,8,8,0,0,0,2,0,14,14,14,14,14,14,16,5,5,5,5,4,5,5,5,0,0,0]} 1. d4 d5 2. c4 e6 3. Nf3 a6 4. g3 dxc4 5. Bg2 Nc6 6. O-O Rb8 7. e4 Nf6 8. Nc3 Be7 9. Qe2 {The old main line.} b5 {9...Nxd4 is not played anymore. E04: Open Catalan: 5 Nf3.} 10. Rd1 O-O 11. d5 exd5 12. e5 $1 {[%cal Re5f6]} d4 13. exf6 Bxf6 14. Ne4 Be7 15. b3 d3 16. Qd2 Bg4 17. Bb2 Bxf3 18. Bxf3 Nd4 19. Bxd4 Qxd4 20. bxc4 bxc4 21. Rac1 Bb4 22. Qf4 {[#] Threatens to win with Rxc4!} c3 {[#]} 23. Qe3 $146 {The position is equal.} ({Predecessor:} 23. a3 Ba5 24. Qf5 d2 25. Qxa5 dxc1=Q 26. Rxc1 c2 27. Qd2 Qxd2 28. Nxd2 Rb2 29. Kg2 {½-½ (47) Fernandez,J (2376)-Aninis,T (2357) ICCF email 2015}) 23... Rbd8 {aiming for ...c2.} 24. Qxd4 Rxd4 25. Nxc3 {Nd5 is the strong threat.} d2 26. Rc2 {[#] Black must now prevent Nd5.} Rc4 27. Rdxd2 {And now Nd5 would win.} Rxc3 28. Rxc3 Bxc3 $11 {[%mdl 4096] Endgame KRB-KRB} 29. Rc2 Ba5 30. Bb7 Rd8 31. Bxa6 Rd2 (31... Bb6 {feels hotter.} 32. Bc4 Kf8 33. Bb3 Rd6 34. Kf1 g5) 32. Rxd2 Bxd2 {KB-KB} 33. Kf1 Kf8 34. Ke2 Bb4 35. a4 Ke7 36. Bc4 f6 37. Kd3 Kd6 38. Bg8 h6 39. Ke4 Be1 40. f4 {An uneventful encounter.  Weighted Error Value: White=0.02/Black=0.02} 1/2-1/2

[Event "74th RUS-ch Superfinal 2021"]
[Site "Ufa"]
[Date "2021.10.10"]
[Round "2.2"]
[White "Chigaev, Maksim"]
[Black "Esipenko, Andrey"]
[Result "1/2-1/2"]
[WhiteElo "2639"]
[BlackElo "2720"]
[Annotator "TA"]
[PlyCount "78"]
[EventDate "2021.10.09"]
[EventType "tourn"]
[EventCountry "RUS"]
[SourceTitle "playchess.com"]
[Source "ChessBase"]
[SourceQuality "1"]

{[%evp 13,78,14,5,2,20,21,23,19,18,16,6,6,15,20,14,19,18,22,39,39,34,35,20,17,21,11,33,20,34,29,41,26,51,27,15,12,23,34,20,0,0,0,0,0,0,0,0,0,0,0,0,0,0,0,0,0,0,0,0,0,0,0,0,0,0,0,0]} 1. d4 Nf6 2. c4 e6 3. Nf3 d5 4. g3 Be7 5. Bg2 O-O 6. O-O dxc4 7. Qc2 b5 8. a4 {E05: Open Catalan: 5 Nf3 Be7.} Bb7 9. axb5 a6 10. bxa6 {White has an edge.} Nxa6 11. Qxc4 Bd5 12. Qd3 Nb4 13. Rxa8 Qxa8 14. Qd1 Na2 15. Nc3 Nxc3 16. bxc3 h6 {[#]} 17. Ne1 $146 ({Predecessor:} 17. Bf4 c5 18. dxc5 Bxc5 19. c4 Bxc4 20. Ne5 Bd5 21. Bxd5 Nxd5 22. Bd2 Nf6 23. Nd3 {½-½ (40) Berkes,F (2671)-Grischuk,A (2775) Struga 2021}) 17... c5 18. Qd3 c4 19. Qc2 Ne4 20. f3 Nd6 21. e4 Bc6 22. e5 Nf5 23. Bh3 Rb8 24. Bxf5 exf5 25. Qxf5 Qa5 26. Bd2 {And now Ng2 would win.The position is equal.} Bg5 $1 {[%cal Rg5d2]} 27. Bxg5 hxg5 28. Nc2 {[#] aiming for Nb4.} Qxc3 {White must now prevent ...g6.} 29. e6 Be8 30. exf7+ Bxf7 {...g6 is the strong threat.} 31. Rf2 $1 Rb2 32. Qc8+ Kh7 33. Qf5+ Kg8 34. Qc8+ Kh7 35. Qf5+ Kg8 36. Qc8+ Kh7 37. Qf5+ Kg8 38. Qc8+ Kh7 39. Qf5+ Kg8 {Weighted Error Value: White=0.02/Black=0.01} 1/2-1/2

[Event "74th RUS-ch Superfinal 2021"]
[Site "Ufa"]
[Date "2021.10.10"]
[Round "2.3"]
[White "Predke, Alexandr"]
[Black "Vitiugov, Nikita"]
[Result "1/2-1/2"]
[WhiteElo "2666"]
[BlackElo "2727"]
[Annotator "TA"]
[PlyCount "74"]
[EventDate "2021.10.09"]
[EventType "tourn"]
[EventCountry "RUS"]
[SourceTitle "playchess.com"]
[Source "ChessBase"]
[SourceQuality "1"]

{[%evp 9,74,9,16,-33,-43,-34,0,0,-8,-4,25,0,0,0,0,14,13,0,0,-81,-98,-101,-45,-63,-42,-137,-78,-109,-122,-110,-125,-133,-72,-80,-79,-81,-78,-66,-61,-86,-8,-74,-83,-75,-64,-70,-63,-85,-14,-6,0,0,0,0,0,0,0,0,0,0,0,0,0,0,0,-11,0]} 1. Nf3 {ChessBase} d5 2. e3 Nf6 3. c4 e6 4. b3 c5 5. Bb2 Nc6 6. a3 {A13: English Opening: 1...e6.} d4 7. exd4 Nxd4 8. Nxd4 cxd4 {[#]} 9. Qe2 $146 ({Predecessor:} 9. d3 e5 10. Be2 Bd6 11. O-O O-O 12. Nd2 Bf5 13. b4 b6 14. f4 exf4 15. Bxd4 {0-1 (40) Sunye Neto,J (2505)-Kortschnoj,V (2645) New York 1996 CBM 052 [ChessBase]}) 9... Bd6 10. Bxd4 O-O 11. Nc3 e5 12. Be3 ({Don't go for} 12. Bxe5 $2 Bxe5 13. Qxe5 Re8 $19) 12... b6 13. Qd1 Bb7 14. Be2 (14. b4 $11) 14... Bxg2 $17 15. Rg1 Bh3 (15... Bc6 $17 16. b4 e4) 16. Qc2 Re8 17. Ne4 (17. Bg5 $15 Be7 18. b4) 17... Bf5 ({Black should play} 17... Nxe4 18. Qxe4 Qe7) 18. Bd3 Bxe4 19. Bxe4 Nxe4 20. Qxe4 Bc5 (20... Qd7 $142 21. Qd5 Qc7) 21. b4 Bd4 22. Rc1 Qd7 23. Ke2 Rac8 24. Qd5 Qf5 ({Black should try} 24... Qe7 $17) 25. Rg5 (25. Qf3 $11 Qd7 26. Bxd4 Qxd4 27. Qd3) 25... Qf6 {[#] White must now prevent ...Bxe3.} 26. h4 g6 27. Qe4 $1 Qe6 {Strongly threatening ...Bb2.} (27... Rcd8 {looks sharper.} 28. Rg2 Qd6 29. h5 Bxe3 30. Qxe3 Qc6) 28. h5 Rxc4 (28... Bb2 $17 29. Rc2 Bxa3 30. hxg6 hxg6) 29. hxg6 $1 $11 {The position is equal.} hxg6 ({Not} 29... Rxc1 30. gxf7+ Kh8 31. fxe8=Q+ Qxe8 32. Bxd4 Rc5 33. bxc5 Qh5+ 34. Rxh5 Kg7 35. Qxe5+ Kf8 36. Rxh7 bxc5 37. Qh8#) 30. Rxe5 $1 Bxe5 31. Qxc4 Qf5 32. Qd5 Qg4+ 33. Qf3 Qd7 34. Qc6 Qg4+ 35. Qf3 Qd7 36. Qc6 Qg4+ 37. Qf3 Qd7 {Weighted Error Value: White=0.16/Black=0.18} 1/2-1/2

[Event "74th RUS-ch Superfinal 2021"]
[Site "Ufa"]
[Date "2021.10.10"]
[Round "2.4"]
[White "Fedoseev, Vladimir"]
[Black "Alekseenko, Kirill"]
[Result "1/2-1/2"]
[WhiteElo "2704"]
[BlackElo "2710"]
[Annotator "TA"]
[PlyCount "57"]
[EventDate "2021.10.09"]
[EventType "tourn"]
[EventCountry "RUS"]
[SourceTitle "playchess.com"]
[Source "ChessBase"]
[SourceQuality "1"]

{[%evp 21,57,0,6,0,9,14,16,12,12,6,15,0,0,0,0,0,0,0,0,0,0,0,0,0,0,3,4,0,0,0,0,0,0,0,0,0,0,0]} 1. d4 Nf6 2. c4 g6 3. Nc3 d5 4. Bf4 Bg7 5. e3 O-O 6. cxd5 Nxd5 7. Nxd5 Qxd5 8. Bxc7 Na6 9. Bxa6 Qxg2 10. Qf3 Qxf3 11. Nxf3 bxa6 {The position is equal.} 12. b3 {D84: Grünfeld: 4 Bf4 Bg7 5 e3 0-0 6 cxd5.} f6 13. Rc1 e5 14. Rg1 Bb7 15. Ke2 {[%cal Rd4e5] [#]} Rac8 $146 ({Predecessor:} 15... a5 16. Bxa5 Ba6+ 17. Ke1 Rac8 18. Kd2 Bb7 19. Rg3 exd4 20. Nxd4 Rxc1 21. Kxc1 Rc8+ {½-½ (31) Spasov,S (2247)-Gavrilov,I (2227) ICCF email 2017}) 16. Ba5 exd4 17. Nxd4 Rfe8 18. Rxc8 Rxc8 19. Rd1 f5 20. Ne6 {[#] Strongly threatening Rd7.} Rc2+ 21. Rd2 Rxd2+ 22. Kxd2 $11 {[%mdl 4096] Endgame KBB-KBN} Be5 23. f4 Bd6 24. Kc3 Bd5 25. Nc7 Bb7 26. Ne6 Bd5 27. Nc7 Bb7 28. Ne6 $1 Bd5 29. Nc7 {Not much happened in this game.  Weighted Error Value: White=0.01/Black=0.01} 1/2-1/2